Relaciones suelo-planta /

Guardado en:
Autor Principal: Black, C. A.
Formato: Libro
Idioma:Spanish
Publicado: Buenos Aires : Hemisferio Sur, 1975.
Series:Textos de Agronomía y Veterinaria ; 12
Etiquetas: Agregar Etiqueta
Sin Etiquetas, Sea el primero en etiquetar este registro!
LEADER 00652nam a22001695a 4500
001 EEA.libagro007690
005 20180420112530.0
008 130809s1975####ag#a##########000#0#spa#d
082 0 4 |a 631.811 
100 1 |a Black, C. A.  |q (Charles Allen) 
245 1 0 |a Relaciones suelo-planta /  |c C. A. Black. 
260 |a Buenos Aires :  |b Hemisferio Sur,  |c 1975. 
300 |a 2 v. :  |b il. ;  |c 23 cm. 
490 1 |a Textos de Agronomía y Veterinaria ;  |v 12 
500 |a Título original inglés: Soil-Plant relationships, 2nd ed. 
859 |a AR-BbBCA  |b BIB. AGRONOMIA  |h 631.811  |i B627-1  |p 2006/5078  |v I  |3 Tomo I 
859 |a AR-BbBCA  |b BIB. AGRONOMIA  |h 631.811  |i B627-1  |p 2006/5079  |v II  |3 Tomo II